000 00401nam a22001697a 4500
003 MPLRDC
005 20220104124230.0
008 210129b ||||| |||| 00| 0 eng d
082 _a783.1 ZTYE
100 _a黄勤带 译
245 _a我的名字叫茱莉
_c
250 _a初版
260 _a
_b新中华出版社
_c1985
300 _b
650 _a日本传记
942 _cBK
_o783.1 ZTYE
999 _c17685
_d17675